000 01416cam a22003738i 4500
999 _c29274
_d29245
001 20630614
003 EG-ScBUE
005 20210729101744.0
008 180815s2019 enka f b 001 0 eng d
020 _a9781138702981 (pbk : alk. paper)
040 _aDLC
_beng
_erda
_cDLC
_dEG-ScBUE
082 0 4 _a777.7
_bEXP
_222
130 0 _aExperimental animation (Routledge (Firm))
245 1 0 _aExperimental animation :
_bfrom analogue to digital /
_cedited by Miriam Harris, Lilly Husbands and Paul Taberham.
264 1 _aLondon ;
_aNew York :
_bRoutledge,
_c2019.
300 _axiv, 280 pages :
_billustrations ;
_c24 cm
336 _atext
_btxt
_2rdacontent
337 _aunmediated
_bn
_2rdamedia
338 _avolume
_bnc
_2rdacarrier
504 _aIncludes bibliographical references and index.
650 7 _aAnimation (Cinematography)
_2BUEsh
650 7 _aExperimental films
_xTechnique.
_2BUEsh
650 7 _aExperimental films
_xHistory and criticism.
_2BUEsh
653 _bGGEN
_cJuly2021
655 _vReading book
_934232
700 1 _aHarris, Miriam,
_d1966-
_eeditor.
700 1 _aHusbands, Lilly,
_eeditor.
700 1 _aTaberham, Paul,
_eeditor.
776 0 8 _iOnline version:
_dLondon ; New York : Routledge, 2019
_z9781315203430
_w(DLC) 2018039624
906 _a7
_bcbc
_corignew
_d1
_eecip
_f20
_gy-gencatlg
942 _2ddc
_cBB